<?xml version="1.0" encoding="UTF-8"?>
<collection xmlns="http://www.loc.gov/MARC21/slim">
 <record>
  <leader>02430nab a2200277 i 4500</leader>
  <controlfield tag="001">publ13653</controlfield>
  <controlfield tag="005">20180712130431.0</controlfield>
  <controlfield tag="008">180712s2015    hu      o     0||   zxx d</controlfield>
  <datafield tag="022" ind1=" " ind2=" ">
   <subfield code="a">0231-424X</subfield>
  </datafield>
  <datafield tag="024" ind1="7" ind2=" ">
   <subfield code="a">10.1556/036.102.2015.2.10</subfield>
   <subfield code="2">doi</subfield>
  </datafield>
  <datafield tag="024" ind1="7" ind2=" ">
   <subfield code="a">2911927</subfield>
   <subfield code="2">mtmt</subfield>
  </datafield>
  <datafield tag="040" ind1=" " ind2=" ">
   <subfield code="a">SZTE Publicatio Repozitórium</subfield>
   <subfield code="b">hun</subfield>
  </datafield>
  <datafield tag="041" ind1=" " ind2=" ">
   <subfield code="a">zxx</subfield>
  </datafield>
  <datafield tag="100" ind1="1" ind2=" ">
   <subfield code="a">Nemes Attila</subfield>
  </datafield>
  <datafield tag="245" ind1="1" ind2="0">
   <subfield code="a">Correlations between three-dimensional speckle-tracking echocardiography-derived left atrial functional parameters and aortic stiffness in healthy subjects - results from the MAGYAR-Healthy Study</subfield>
   <subfield code="h">[elektronikus dokumentum] /</subfield>
   <subfield code="c"> Nemes Attila</subfield>
  </datafield>
  <datafield tag="260" ind1=" " ind2=" ">
   <subfield code="a">Akadémiai Kiadó</subfield>
   <subfield code="c">2015</subfield>
  </datafield>
  <datafield tag="300" ind1=" " ind2=" ">
   <subfield code="a">197-205</subfield>
  </datafield>
  <datafield tag="490" ind1="0" ind2=" ">
   <subfield code="a">ACTA PHYSIOLOGICA HUNGARICA</subfield>
   <subfield code="v">102 No. 2</subfield>
  </datafield>
  <datafield tag="520" ind1="3" ind2=" ">
   <subfield code="a">Left atrial (LA) distension has been demonstrated to be linked with aortic stiffness in different patient populations. Three-dimensional (3D) speckle-tracking echocardiography (STE) seems to be a promising tool for volumetric and functional evaluation of the LA. The aim of the present study was  to determine whether correlations exist between 3DSTE-derived LA volume-based and strain parameters characterizing all phasic functions of the LA and echocardiographic aortic elastic properties in healthy subjects. The study included 19 healthy volunteers (mean age: 37.9 +/- 11.4 years, 11 men) who had undergone complete two-dimensional (2D) Doppler transthoracic echocardiography extended with the assessment of aortic elastic properties and 3DSTE. RESULTS: None of LA volumes correlated with echocardiographic aortic elastic properties. Active atrial stroke volume correlated with aortic stiffness index (ASI, r = 0.45, p = 0.05). None of other volume-based functional properties signifcantly correlated with aortic stiffness parameters. Global peak 3D strain correlated with aortic strain (r = 0.46, p = 0.05). global radial pre-atrial contraction strain correlated with ASI (r = 0.49, p = 0.04) and AS (r = 0.50, p = 0.04). CONCLUSIONS: Correlations exist between 3DSTE-derived LA functional parameters and eschocardiographic aortic elastic properties in healthy subjects.</subfield>
  </datafield>
  <datafield tag="700" ind1="0" ind2="1">
   <subfield code="a">Piros Györgyike Ágnes</subfield>
   <subfield code="e">aut</subfield>
  </datafield>
  <datafield tag="700" ind1="0" ind2="1">
   <subfield code="a">Domsik Péter</subfield>
   <subfield code="e">aut</subfield>
  </datafield>
  <datafield tag="700" ind1="0" ind2="1">
   <subfield code="a">Kalapos Anita</subfield>
   <subfield code="e">aut</subfield>
  </datafield>
  <datafield tag="700" ind1="0" ind2="1">
   <subfield code="a">Lengyel Csaba Attila</subfield>
   <subfield code="e">aut</subfield>
  </datafield>
  <datafield tag="700" ind1="0" ind2="1">
   <subfield code="a">Orosz Andrea</subfield>
   <subfield code="e">aut</subfield>
  </datafield>
  <datafield tag="700" ind1="0" ind2="1">
   <subfield code="a">Forster Tamás</subfield>
   <subfield code="e">aut</subfield>
  </datafield>
  <datafield tag="856" ind1="4" ind2="0">
   <subfield code="u">http://publicatio.bibl.u-szeged.hu/13653/1/Nemes_ACTA_PHIS_u.pdf</subfield>
   <subfield code="z">Dokumentum-elérés </subfield>
  </datafield>
 </record>
</collection>
